00209nam a2200097Ia 4500008004100000100001900041245002000060260000900080942000700089999001500096190216s9999||||xx |||||||||||||| ||und|| aGeorge Sampson 0aBasic Statistic bNull cBK c3839d3839